Keeping the promise? : (Registro nro. 2018)

Detalles MARC
000 -CABECERA
Campo de control 00861nam a2200241 a 4500
005 - FECHA Y HORA DE LA ULTIMA TRANSACCION
Campo de control 20191224041620.0
008 - ELEMENTOS DE LONGITUD FIJA—INFORMACION GENERAL
Campo de control 140303t2000 wau fr|||| 000 0 eng d
020 ## - ISBN
ISBN 0966959957
040 ## - FUENTE DE CATALOGACIÓN
Agencia catalogadora original CO-BoIAVH
Agencia transcriptora CO-BoIAVH
041 0# - IDIOMA
Código de idioma para texto/pista de sonido o título separado Inglés
044 ## - PAÍS DE PUBLICACIÓN
País de publicación Estados Unidos
082 04 - NUMERO DE CLASIFICACION DECIMAL DEWEY
Número de clasificación 577.307072
Número del ítem K26k
245 00 - MENCION DE TITULO
Título Keeping the promise? :
Parte restante del título a review by NGOs and IPOs of the implementation of the UN inter-governmental panel on forests "Proposals for action" in select countries
260 ## - PUBLICACION, DISTRIBUCION, ETC. (PIE DE IMPRENTA)
Lugar de publicación, distribución, etc. Washington :
Nombre del editor, distribuidor, etc. Estados Unidos,
Fecha de publicación, distribución, etc. 2000.
300 ## - DESCRIPCION FISICA
Extensión 52 páginas ;
Dimensiones 28 x 22 cm.
650 16 - ASIENTO SECUNDARIO DE MATERIA - TERMINO TEMATICO
Término temático o nombre geográfico como elemento de entrada Organizaciones no gubernamentales
9 (RLIN) 6716
650 16 - ASIENTO SECUNDARIO DE MATERIA - TERMINO TEMATICO
Término temático o nombre geográfico como elemento de entrada Sector forestal
9 (RLIN) 2383
700 1# - ASIENTO SECUNDARIO - NOMBRE PERSONAL
Nombre personal Ryder, Sophia
Término de relación Editor
9 (RLIN) 63368
700 1# - ASIENTO SECUNDARIO - NOMBRE PERSONAL
Nombre personal Ozinga, Saskia
Término de relación Editor
9 (RLIN) 63369
700 1# - ASIENTO SECUNDARIO - NOMBRE PERSONAL
Nombre personal Mankin, William E.
Término de relación Editor
9 (RLIN) 63370
700 1# - ASIENTO SECUNDARIO - NOMBRE PERSONAL
Nombre personal Verolme, Hans J. H.
Término de relación Editor
9 (RLIN) 63371
942 ## - ELEMENTOS ADICIONALES (KOHA)
Tipo de ítem Libro
Sistema de clasificación Dewey Decimal Classification
Existencias
Withdrawn status Lost status Sistema de Clasificación Damaged status No para préstamo Colección Inventariado Ubicación Permanente Ubicación actual Fecha de adquisición Fuente de Valor Valor Total Checkouts Número topográfico Inventario / Código de Barras Date last seen Ejemplar Price effective from Forma de adquisición Tipo de material
    Dewey Decimal Classification     General Inventariado 2017 Bogotá Bogotá 29/01/2001 Instituto 39000.00   LB-577.307072 K26k 002503 04/12/2012 Ej. 1 04/12/2012   Libro